Tous les numéros 4 de l'Equipe de France de Football - Statistiques

Statistiques générales
  • Ce quiz a été pris 34 fois
  • Le résultat moyen est 7 sur 84
Statistiques - réponses
Joueurs Occurence Année de première occurence % Correct
Marcel Desailly 2 1994
82%
Raphaël Varane 93 2013
82%
Dayot Upamecano 26 2021
50%
Frank Leboeuf 5 1996
50%
Lilian Thuram 2 1995
50%
Adil Rami 32 2010
47%
Philippe Mexès 2 2008
44%
Ibrahima Konaté 2 2022
35%
Patrick Vieira 98 1997
35%
Emmanuel Petit 8 1990
24%
Jean-Alain Boumsong 1 2003
21%
Lassana Diarra 3 2007
18%
Mamadou Sakho 1 2012
18%
Patrick Battiston 11 1984
18%
Anthony Réveillère 1 2010
15%
Basile Boli 28 1986
12%
Christian Karembeu 6 1995
12%
Alain Boghossian 1 1999
9%
Christian Lopez 10 1976
9%
Maxime Bossis 14 1977
9%
Alain Roche 15 1993
6%
Gérard Janvion 3 1878
6%
Jean-Pierre Adams 14 1972
6%
Martin Djetou 1 1998
6%
Robert Herbin 2 1962
6%
Roger Marche 5 1948
6%
Yvon Le Roux 17 1983
6%
Armand Penverne 25 1952
3%
Bernard Bosquier 4 1965
3%
Bernard Gardon 1 1973
3%
Claude Robin 1 1966
3%
Gilbert Le Chenadec 1 1967
3%
Henri Michel 1 1971
3%
Jacques Novi 19 1969
3%
Jean-Michel Ferri 1 1995
3%
Julien Escudé 6 2008
3%
Loïc Badé 1 2025
3%
Malo Gusto 1 2023
3%
Raymond Domenech 1 1979
3%
Robert Péri 1 1965
3%
Victor Zvunka 1 1975
3%
Abderrahman Mahjoub 2 1954
0%
Alain Goma 2 1996
0%
Alain Merchadier 2 1973
0%
Antoine Bonifaci 5 1951
0%
Antoine Cuissard 6 1949
0%
Bernard Casoni 10 1988
0%
Bruno N'Gotty 4 1994
0%
Charles Orlanducci 1 1975
0%
Claude Quittet 12 1967
0%
Didier Sénac 3 1984
0%
Ferenc Koczur 2 1952
0%
Francis Camerini 1 1971
0%
Georges Peyroche 1 1960
0%
Guillaume Bieganski 2 1953
0%
Guy Sénac 2 1960
0%
Henri Arnaudeau 1 1950
0%
Henri Biancheri 2 1960
0%
Jean-Claude Samuel 1 1945
0%
Jean Grégoire 3 1949
0%
Jean-Jacques Marcel 13 1953
0%
Jean Luciano 1 1950
0%
Jean Prouff 2 1949
0%
Joseph Bonnel 3 1966
0%
Kader Firoud 6 1951
0%
Lazare Gianessi 2 1954
0%
Léonard Specht 17 1978
0%
Louis Hon 1 1948
0%
Louis Provelli 1 1967
0%
Lucien Muller 4 1959
0%
Luc Sonor 2 1989
0%
Marcel Artélésa 9 1964
0%
Maryan Synakowski 11 1961
0%
Patrice Rio 14 1976
0%
Philippe Mahut 6 1981
0%
Pierre Michelin 5 1963
0%
Pierre Ranzoni 1 1950
0%
Raymond Kaelbel 6 1958
0%
Rémy Vogel 1 1987
0%
René Domingo 1 1957
0%
Robert Budzynski 2 1966
0%
Robert Jonquet 2 1949
0%
Roland Mitoraj 3 1967
0%
Xercès Louis 3 1956
0%
Aucun quiz correspondant
Distribution des résultats
% des personnes avec chaque résultat
Percentile par nombre de réponses
Votre historique - résultats
Vous n’avez pas pris ce quiz